000 00856nam a2200241Ia 4500
003 OSt
005 20220923223429.0
006 a|||||r|||| 00| 0
007 ta
008 220922b |||||||| |||| 00| 0 hin d
024 _a215,237
037 _cTextual
040 _aARTS
_cARTS
_bhin
041 _2hin
_ahin
082 _aO152,3N14:g(y15), N4
100 _aसुरी, योगेश
245 0 _aयशपाल के उपन्यासो में नारी जीवन की समस्याएॅं
246 _aYashapāl ke upanyāso mean nārī jīvan kī samasyāeॅan
260 _aकानपुर
_b चन्द्रलोेक प्रका0
_c1994
300 _a263 पृ.
_ccm.
942 _hO152,3N14:g(y15), N4
_cTEXL
_2CC
999 _c365146
_d365146